[Event "Mittelfranken-chTB1 0910"]
[Site "Mittelfranken"]
[Date "2009.10.11"]
[Round "1.2"]
[White "Albrecht, Hans"]
[Black "Justen, Detlef"]
[Result "1/2-1/2"]
[WhiteElo "2052"]
[BlackElo "2131"]
[PlyCount "53"]
[EventDate "2009.10.11"]
[EventType "team-tourn"]
[EventRounds "9"]
[EventCountry "GER"]
[SourceTitle "EXT 2011"]
[Source "ChessBase"]
[SourceDate "2010.11.26"]
[SourceVersion "1"]
[SourceVersionDate "2010.11.26"]
[SourceQuality "1"]
[WhiteTeam "Altensittenbach"]
[BlackTeam "Gunzenhausen"]
[WhiteTeamCountry "GER"]
[BlackTeamCountry "GER"]

1. e4 c5 2. f4 d5 3. exd5 Nf6 4. Bb5+ Nbd7 5. c4 a6 6. Ba4 b5 7. cxb5 Nb6 8. Bc2 axb5 9. Nc3 b4 10. Ne4 Nfxd5 11. Qf3 e6 12. Qg3 Qc7 13. Nh3 Ba6 14. d3 g6 15. 0-0 Bg7 16. Nhg5 0-0 17. Qh4 h6 18. Nf3 f5 19. Nf2 Nd7 20. Re1 Rfe8 21. Qg3 Kh7 22. Nh3 Nf8 23. Ne5 Bb7 24. Bb3 Bf6 25. Bd2 Qe7 26. Qf2 Red8 27. Qe2 1/2-1/2

[Event "Regionalliga NO 0809"]
[Site "Bayern"]
[Date "2009.03.01"]
[Round "7.2"]
[White "Alsheimer, Christoph"]
[Black "Albrecht, Hans"]
[Result "1-0"]
[WhiteElo "2187"]
[BlackElo "2091"]
[PlyCount "75"]
[EventDate "2008.10.05"]
[EventType "team-tourn"]
[EventRounds "9"]
[EventCountry "GER"]
[SourceTitle "EXT 2020"]
[Source "ChessBase"]
[SourceDate "2019.10.17"]
[SourceVersion "1"]
[SourceVersionDate "2019.10.17"]
[SourceQuality "1"]
[WhiteTeam "Bechhofen"]
[BlackTeam "Altensittenbach"]
[WhiteTeamCountry "GER"]
[BlackTeamCountry "GER"]

1. d4 Nf6 2. Nf3 e6 3. e3 b6 4. Bd3 d5 5. Nbd2 Bd6 6. 0-0 c6 7. Ne5 Qc7 8. f4 Nbd7 9. g4 g6 10. Qf3 Nf8 11. Qh3 h6 12. Ndf3 Ne4 13. Bxe4 dxe4 14. Ng5 f6 15. Ngf7 Rh7 16. Nxd6+ Qxd6 17. Nc4 Qd5 18. Nd2 Ba6 19. Rf2 h5 20. Qg2 f5 21. g5 0-0-0 22. b3 c5 23. c4 Qc6 24. Bb2 Bb7 25. Nb1 Kb8 26. Rd2 Rhd7 27. Na3 cxd4 28. Bxd4 Ka8 29. Rad1 Re8 30. Nb5 Rh7 31. Be5 Bc8 32. Rd6 Qc5 33. Bd4 Qb4 34. Bc3 Qc5 35. R1d4 Bd7 36. Qd2 Qc8 37. a4 Bxb5 38. Rd8 1-0